[Event "Asian-ch Amateur"]
[Site "Isfahan"]
[Date "2016.11.17"]
[Round "8.1"]
[White "Torkan, Mohsen"]
[Black "Naderi, M Sadegh"]
[Result "1/2-1/2"]
[WhiteElo "2092"]
[BlackElo "2041"]
[PlyCount "134"]
[EventDate "2016.11.12"]
[EventType "swiss"]
[EventRounds "9"]
[EventCountry "IRI"]
[SourceTitle "EXT 2024"]
[Source "ChessBase"]
[SourceDate "2023.10.10"]
[SourceVersion "1"]
[SourceVersionDate "2023.10.10"]
[SourceQuality "1"]

1. d4 d5 2. Nf3 Nf6 3. g3 Bf5 4. Bg2 e6 5. 0-0 h6 6. c4 c6 7. Qb3 Qb6 8. c5 Qc7 9. Bf4 Qc8 10. Nbd2 Be7 11. Qc3 0-0 12. b4 Nbd7 13. a4 Bd8 14. Bd6 Re8 15. b5 Bc7 16. Rfc1 Qb8 17. Qa3 Bxd6 18. cxd6 cxb5 19. axb5 Rd8 20. Rc7 Ne8 21. Rac1 Nb6 22. Ne5 Nxd6 23. g4 Bh7 24. Qc5 f6 25. Nd3 Bxd3 26. exd3 Rd7 27. Rxd7 Nxd7 28. Qb4 a5 29. bxa6 bxa6 30. Qa4 Qb5 31. Qa3 Rc8 32. Re1 Nf7 33. Rxe6 a5 34. Qa2 Nb6 35. Nb3 Qxd3 36. h3 Qd1+ 37. Kh2 Ng5 38. Rxb6 Rc2 39. Qxa5 Rxf2 40. Qxd5+ Kh7 41. Rc6 Nf3+ 42. Kg3 Rxg2+ 43. Kxg2 Qg1+ 44. Kxf3 Qh1+ 45. Ke3 Qxd5 46. Rc3 Qg2 47. Rd3 Qxh3+ 48. Kd2 Qxg4 49. d5 Qb4+ 50. Kc2 Qd6 51. Nd2 h5 52. Nc4 Qb4 53. Rd4 Qa4+ 54. Kb2 Qb4+ 55. Kc2 Qa4+ 56. Kc3 Qa1+ 57. Nb2 Qa3+ 58. Kc2 Qc5+ 59. Kd3 Qa3+ 60. Kc2 Qc5+ 61. Kd3 Qa3+ 62. Kc2 Qc5+ 63. Nc4 Qd6 64. Kb3 Qh2 65. d6 h4 66. Kb4 Qg3 67. d7 h3 1/2-1/2

[Event "Asian-ch Amateur"]
[Site "Isfahan"]
[Date "2016.11.16"]
[Round "7.1"]
[White "Kheiri, AR."]
[Black "Torkan, Mohsen"]
[Result "0-1"]
[WhiteElo "2061"]
[BlackElo "2092"]
[PlyCount "142"]
[EventDate "2016.11.12"]
[EventType "swiss"]
[EventRounds "9"]
[EventCountry "IRI"]
[SourceTitle "EXT 2024"]
[Source "ChessBase"]
[SourceDate "2023.10.10"]
[SourceVersion "1"]
[SourceVersionDate "2023.10.10"]
[SourceQuality "1"]

1. e4 c5 2. g3 e6 3. Bg2 Nc6 4. Nf3 Nf6 5. d3 d6 6. 0-0 Be7 7. Re1 Qc7 8. c3 0-0 9. Na3 a6 10. Nc2 b5 11. d4 cxd4 12. Nfxd4 Nxd4 13. Nxd4 Rb8 14. Qd3 Rd8 15. Be3 Ng4 16. Bc1 Ne5 17. Qe2 Bd7 18. f4 Nc6 19. Be3 Nxd4 20. cxd4 Rdc8 21. Bh3 Qb7 22. Qd3 d5 23. e5 g6 24. Bf1 Qb6 25. Rec1 Qa5 26. a3 Qb6 27. Be2 a5 28. Kf2 Bf8 29. Rxc8 Rxc8 30. Rc1 Rxc1 31. Bxc1 b4 32. axb4 axb4 33. Ke3 Qa5 34. Qa6 Qc7 35. Kd2 b3 36. Bd3 Qb8 37. Ke3 Bb4 38. Ke2 Kg7 39. g4 Kg8 40. Be3 Qc7 41. Qa8+ Kg7 42. f5 exf5 43. Bg5 fxg4 44. Bf6+ Kh6 45. Qg8 Qc1 46. Qg7+ Kh5 47. Qxh7+ Qh6 48. Qxh6+ Kxh6 49. Ke3 Bf5 50. Bb5 g5 51. Ba4 Bc2 52. Ke2 Kg6 53. Bd8 Kf5 54. Bb6 Kf4 55. Bc7 Ke4 56. Bb6 Be7 57. Ba7 f6 58. exf6 Bxf6 59. Be8 Bd3+ 60. Kd2 Bc4 61. Kc3 Bd8 62. Kb4 Bc7 63. Bg6+ Kf3 64. Kc5 Bxh2 65. Bh5 Bf4 66. Bb6 Bc1 67. Kd6 Bxb2 68. Ke5 Bc1 69. Bd8 b2 70. Bg6 g3 71. Ba5 g2 0-1

[Event "Asian-ch Amateur"]
[Site "Isfahan"]
[Date "2016.11.12"]
[Round "1.3"]
[White "Sepahishoja, Hamidreza"]
[Black "Torkan, Mohsen"]
[Result "0-1"]
[WhiteElo "1573"]
[BlackElo "2092"]
[PlyCount "96"]
[EventDate "2016.11.12"]
[EventType "swiss"]
[EventRounds "9"]
[EventCountry "IRI"]
[SourceTitle "EXT 2024"]
[Source "ChessBase"]
[SourceDate "2023.10.10"]
[SourceVersion "1"]
[SourceVersionDate "2023.10.10"]
[SourceQuality "1"]

1. Nf3 d5 2. d4 c5 3. g3 cxd4 4. Bg2 Nc6 5. Nxd4 Nf6 6. 0-0 Qb6 7. Nxc6 bxc6 8. b3 e6 9. Bb2 Be7 10. Nd2 0-0 11. c4 Rd8 12. Qc2 Ba6 13. Rfe1 Rac8 14. Rad1 Bb4 15. Bc3 c5 16. e3 Rc7 17. Qb2 Bxc3 18. Qxc3 Rcd7 19. Bf3 h6 20. Qc2 Qa5 21. cxd5 exd5 22. Qb2 c4 23. b4 Qa4 24. Nb1 Ne4 25. Bxe4 dxe4 26. Rxd7 Qxd7 27. Nc3 Qd2 28. Qxd2 Rxd2 29. Rc1 f5 30. h4 Kf7 31. a4 Ke6 32. Kf1 Ke5 33. Ke1 Rb2 34. b5 Bc8 35. Ne2 Rb4 36. Nc3 Rb3 37. Rc2 Be6 38. Kd2 Kd6 39. Ra2 Kc5 40. Kc2 Kb4 41. Rb2 g5 42. hxg5 hxg5 43. a5 Rxb2+ 44. Kxb2 Kxa5 45. Ka3 Bd7 46. g4 Bc8 47. gxf5 Bxf5 48. Ne2 Bd7 0-1